| 000 | 00400cam a22001571 4500 | ||
|---|---|---|---|
| 040 | _cODaWU | ||
| 082 | _a547 HOU 1959 A023 Or. | ||
| 100 | 1 | _aHart, Harold, | |
| 245 | 1 | 2 | _aA short course in organic chemistry |
| 250 | _a2d ed. | ||
| 260 |
_aBoston, _bHoughton Mifflin _c[1959] |
||
| 300 |
_a346 p. _billus. _c24 cm. |
||
| 650 | 0 | _aChemistry, Organic. | |
| 700 | 1 | _aSchuetz, Robert D., | |
| 942 | _cEK | ||
| 999 |
_c16312 _d16312 |
||